00479nam a2200169Ia 4500003000400000005001700004008004100021020003000062040001700092082002200109100002500131245006400156250001600220260003000236300001400266650002900280IIN20251201113937.0250924s2024 xx d d 000 0 eng d cRs.1950.00a9788131267431 aIINbEnglish a615.1 bSKI1 aSkidmore-Roth,Linda 1 aMosby's 2024 Nursing Drug Referencecby Linda Skidmore-Roth a7th S. A.ed bElsevieraNew Delhic2024 axi,1501p.1 aDrug vNursing Reference